000 01005nam a22002895a 4500
003 EG-ScBUE
005 20250219101309.0
008 171205s2006 enka f d 000 0 eng d
020 _a9780521690270 (pbk.)
020 _a0521690277 (pbk.)
040 _aEG-ScBUE
_beng
_erda
_cEG-ScBUE
_dEG-ScBUE
082 0 4 _a519.503
_bEVE
_222
100 1 _aEveritt, B. S.,
_eauthor.
245 1 4 _aThe Cambridge dictionary of statistics /
_cB. S. Everitt, Institute of Psychiatry, King's College London.
246 3 0 _aStatistics
250 _aThird edition.
264 1 _aCambridge ;
_aNew York :
_bCambridge University Press,
_c2006.
300 _aix, 432 pages :
_billustrations ;
_c26 cm
336 _2rdacontent
_atext
_btxt
337 _aunmediated
_2rdamedia
_bn
338 _avolume
_bnc
_2rdacarrier
650 7 _aMathematical statistics
_vDictionaries.
_2BUEsh
650 7 _aStatistics
_vDictionaries.
_2BUEsh
653 _bBUSECO
_bENGGEN
_cDecember2017
655 _vReading book
942 _2ddc
_cNB
999 _c7439
_d7439